Territories of the World Quiz - Statistics

General Stats
  • This quiz has been taken 73 times
    58 since last reset
  • The average score is 37 of 69
Answer Stats
Owned by Status Territory % Correct
North America United Kingdom British Overseas Territory British {Virgin} Islands
80%
North America United States US Insular Area United States {Virgin} Islands
80%
Asia Australia Australian External Territory Christmas Island
78%
Oceania New Zealand Free Association with New Zealand Cook Islands
78%
North America United States US Insular Area Puerto Rico
78%
Oceania United States US Insular Area Guam
75%
North America Netherlands Dutch Constituent Country Aruba
73%
Europe Denmark Danish Autonomous Territory Faroe Islands
73%
Europe United Kingdom British Crown Dependency Isle of Man
73%
Europe United Kingdom British Crown Dependency Jersey
73%
Africa United Kingdom British Overseas Territory British {Indian Ocean} Territory
70%
Asia Australia Australian External Territory Cocos (Keeling) Islands
70%
North America Netherlands Dutch Constituent Country Curaçao
70%
North America Denmark Danish Autonomous Territory Greenland
70%
Europe United Kingdom British Crown Dependency Guernsey
70%
Asia China PRC Special Administrative Region Hong Kong
70%
Asia China PRC Special Administrative Region Macau
70%
South America United Kingdom British Overseas Territory Falkland Islands
68%
Oceania New Zealand Free Association with New Zealand Niue
68%
Oceania Australia Australian External Territory Norfolk Island
68%
Oceania United States US Insular Area American {Samoa}
65%
Antarctica France Overseas Territory of France French {Southern and Antarctic} Lands
65%
Oceania United States US Insular Area Northern Mariana Islands
63%
North America France French Overseas Collectivity Saint Martin
63%
North America Netherlands Dutch Constituent Country Sint Maarten
63%
Europe Norway Norwegian Territory Svalbard
63%
Antarctica Australia Australian {Antarctic} Territory
60%
Antarctica United Kingdom British {Antarctic} Territory
60%
North America United Kingdom British Overseas Territory Cayman Islands
60%
Antarctica Chile Chilean {Antarctic} Territory
60%
Oceania France French Overseas Collectivity French {Polynesia}
60%
North America United Kingdom British Overseas Territory Montserrat
60%
Oceania France French Sui Generis Collectivity New Caledonia
60%
Africa United Kingdom British Overseas Territory Saint Helena, Ascension and Tristan de Cunha
60%
Oceania New Zealand New Zealand Dependent Territory Tokelau
60%
Europe Finland Finnish Autonomous Region Åland
58%
North America United Kingdom British Overseas Territory Anguilla
58%
North America Netherlands Dutch Special Municipality Bonaire
58%
North America United Kingdom British Overseas Territory Turks and Caicos Islands
55%
North America United Kingdom British Overseas Territory Bermuda
53%
Europe United Kingdom British Overseas Territory Gibraltar
53%
Oceania United Kingdom British Overseas Territory Pitcairn Islands
53%
Oceania France French Overseas Collectivity Wallis and Futuna
50%
North America Netherlands Dutch Special Municipality Sint Eustatius
48%
Antarctica Australia External Territory of Australia Heard Island and McDonald Islands
45%
North America Netherlands Dutch Special Municipality Saba
43%
North America France French Overseas Collectivity Saint Barthélemy
43%
North America France French Overseas Collectivity Saint Pierre and Miquelon
43%
Antarctica Norway Dependency of Norway Bouvet Island
40%
Oceania Australia Australian External Territory Coral Sea Islands
38%
Oceania United States US Insular Area Midway Atoll
38%
Antarctica Argentina Argentine {Antarctica}
35%
Europe Norway Norwegian Territory Jan Mayen
35%
Antarctica New Zealand {Ross} Dependency
35%
Asia Australia Australian External Territory Ashmore and Cartier Islands
33%
North America France French State's Private Property Clipperton Island
33%
Oceania United States US Insular Area Jarvis Island
33%
Oceania United States US Insular Area Johnston Atoll
33%
North America United States US Insular Area Navassa Island
33%
Oceania United States US Insular Area Palmyra Atoll
33%
Antarctica United Kingdom British Overseas Territory South Georgia and the South Sandwich Islands
33%
Asia United Kingdom British Overseas Territory Akrotiri and Dhekelia
30%
Oceania United States US Insular Area Baker Island
30%
Oceania United States US Insular Area Howland Island
30%
Antarctica Norway Queen Maud Land
30%
Oceania United States US Insular Area Wake Island
30%
Oceania United States US Insular Area Kingman Reef
28%
Antarctica Norway Peter I Island
20%
Antarctica France Adélie Land
15%
No matching quizzes found
Score Distribution
Percent of People with Each Score
Percentile by Number Answered
Your Score History
You have not taken this quiz since the last reset